00486nam a2200205Ia 4500008004100000020001800041050001400059100002200073245003000095245002500125260001500150260001600165260000900181300001600190300002600206300001000232300002300242440000700265500000800272170918s9999 xx 000 0 und d a9780545481946 bS857 2013 aStilton, Geronimo aGet into gear, Stilton! / cby Geronimo Stilton. aNew York : bScholastic, c2013 a106 pages : bcolor illustrations ; c19cm. eGeronimo Stilton ; a54 a630